| 000 | 00730nam a2200205Ii 4500 | ||
|---|---|---|---|
| 003 | JO-AjNU | ||
| 008 | 230605s9999||||xx |||||||||||||| ||und|| | ||
| 040 |
_aJO-AjNU _bara _erda _cJO-AjNU |
||
| 041 | _aara | ||
| 050 | 1 | 4 | _aG69.M36.A8968 1988 |
| 100 | 3 |
_aأسود، فلاح شاكر, _eauthor _913996 |
|
| 245 | 0 | 0 | _aالمقدسي |
| 264 | 3 | 1 | _aبغداد: دار الشؤون الثقافية العامة، 1988 |
| 300 | _a193ص | ||
| 336 |
_atext _btxt _2rdacontent |
||
| 337 |
_aunmediated _bn _2rdamedia |
||
| 338 |
_avolume _bnc _2rdacarrier |
||
| 490 | 0 | _aسلسلة نوابع الفكر العربي | |
| 650 | 4 |
_aالمقدسي، ابو عبدالله شمس الدين محمد بن احمد 335-380 هجري _913997 |
|
| 999 |
_aA3627 _c7195 _d7195 |
||